Elektrické stanice : Návody na cvičenia /
Gespeichert in:
| 1. Verfasser: | |
|---|---|
| Format: | Buch |
| Sprache: | Slowakisch |
| Veröffentlicht: |
Bratislava :
STU v Bratislave,
1985
|
| Ausgabe: | 2.vyd. |
| Tags: |
Keine Tags, Fügen Sie das erste Tag hinzu!
|
MARC
| LEADER | 00000nam a22000003a 4500 | ||
|---|---|---|---|
| 001 | stu6969 | ||
| 005 | 20150617225805.4 | ||
| 008 | 940801s1985----cs------------------slo-d | ||
| 040 | |a STU |b slo | ||
| 041 | 0 | |a slo | |
| 044 | |a cs | ||
| 100 | 1 | |a Homola, Ján |4 aut | |
| 245 | 1 | |a Elektrické stanice : |b Návody na cvičenia / |c [aut.] Homola,Ján | |
| 250 | |a 2.vyd. | ||
| 260 | |a Bratislava : |b STU v Bratislave, |c 1985 | ||
| 300 | |a 108 s | ||
| 996 | |b 284ES20191 |c E*S-39579 |l EE01 |s A |a 24 |w stu6969_0001 | ||
| 996 | |b 284ES20192 |c E*S-39580 |l EE01 |s A |a 24 |w stu6969_0002 | ||
| 996 | |b 284EK09044 |c E*58775 |l EE0105 |s P |a 0 |w stu6969_0003 | ||